Statistics for Biggest Trading Partners - Iraq

Click here to take the quiz!

General Stats

  • This quiz has been taken 81 times
  • The average score is 15 of 20

Answer Stats

Imports Answer % Correct
7.55 bilChina
100%
1.27 bilUnited States of America
99%
7.64 bilTurkey
93%
973 milIndia
93%
1.09 bilJapan
90%
916 milRussia
86%
808 milGermany
85%
685 milItaly
82%
1.44 bilSouth Korea
81%
1.38 bilSpain
78%
1.80 bilNetherlands
68%
759 milOman
61%
2.62 bilGreece
60%
5.36 bilUnited Arab Emirates
8%

Score Distribution

Percentile by Number Answered

Percent of People with Each Score

Your Score History

You have not taken this quiz